000 00266nam a22001097a 4500
082 _a370
100 _aDas , Soma
_980570
245 _aRecebnt Philosophies of Education in india
260 _aDelhi
_bPratibha book
_c2018
650 _aEducation
_980571
942 _cBK
999 _c63896
_d63896